000 01219nam a2200241Ia 4500
999 _c38465
_d38465
001 4477
003 GE_BSU
005 20190520154437.0
008 181216s1982||||ge |||||||||||||| ||geo||
040 _cGE_BSU
041 _ageo
080 _a51 მ–15
100 _aთოფურია,ს.
_91414
245 _aმათემატიკური ფიზიკის დიფერენციალურ განტოლებათა თეორიის ელემენტები :
_bდამხმ. სახელმძღ. /
_cს. თოფურია ; გ. აბესაძე ; გ. ოზბეგაშვილი ; რედ : ე. გიორგაძე.
264 _aთბილისი :
_bსპი,
_c1982.
300 _a76 გვ .:
_c20 სმ.
653 _aმათემატიკური ფიზიკის დიფერენციალურ განტოლებათა თეორია
653 _aმათემატიკა
700 _aაბესაძე, გ
_91415
700 _aოზბეგაშვილი, გ
_91416
700 _aგიორგაძე, ე
_eრედაქტორი
_9398
942 _cBK
_2udc